Kliknij tylko kandydatów na prezydenta Polski 2025 - Statystyki

Ogólne statystyki
  • Ten quiz został rozwiązany 126 razy
  • Średni wynik to 7 z 12
Answers on the Grid
Answers color-coded by a green-red scale on the quiz's grid according to % correct below.
Sławomir Mentzen
Robert Biedroń
Rafał Trzaskowski
Rafał Nawrocki
Maria Kowalewska
Marek Woch
Marek Jakubiak
Magdalena Biejat
Maciej Maciak
Krzysztof Stanowski
Krzysztof Bosak
Karol Trzaskowski
Karol Nawrocki
Joanna Senyszyn
Grzegorz Braun
Artur Bartoszewicz
Andrzej Duda
Adrian Zandberg
 
Statystyki odpowiedzi
Odpowiedź % Poprawnych
Sławomir Mentzen
96%
Rafał Trzaskowski
94%
Marek Woch
58%
Maciej Maciak
52%
Magdalena Biejat
52%
Karol Nawrocki
51%
Marek Jakubiak
51%
Adrian Zandberg
49%
Grzegorz Braun
49%
Joanna Senyszyn
49%
Krzysztof Stanowski
49%
Artur Bartoszewicz
46%
Nie znaleziono quizów pasujących do podanych kryteriów
Rozkład punktacji
Procent ludzi z każdym wynikiem
Percentyl według liczby udzielonych odpowiedzi
Twoja historia wyników
Nie rozwiązałeś tego quizu